[Event "ISL-ch"]
[Site "Gardabaer"]
[Date "1991.??.??"]
[Round "3"]
[White "Steingrimsson, Hedinn"]
[Black "Gretarsson, Helgi Ass"]
[Result "0-1"]
[WhiteElo "2505"]
[BlackElo "2260"]

1.c4 f5 2.g3 Nf6 3.Bg2 g6 4.Nf3 Bg7 5.O-O O-O 6.d4 d6 7.Nc3 c6 8.b3 Qa5 9.Bd2 Qc7
10.d5 Na6 11.Nd4 e5 12.dxe6 Qe7 13.Qc2 Nc5 14.Rae1 Ng4 15.Nf3 Nxe6 16.e4 Ne5
17.exf5 gxf5 18.Nh4 Qf7 19.f4 Nd4 20.Qd1 Nd3 21.Re3 Nc5 22.Nf3 Nxf3+ 23.Rexf3 d5
24.cxd5 cxd5 25.Nb5 Bd7 26.Na3 Ne4 27.Be3 Nc3 28.Qd2 d4 29.Bf2 Bc6 30.Rd3 Be4
31.Bxe4 fxe4 32.Rxd4 Bxd4 33.Bxd4 Nd5 34.Nc4 Rad8 35.Qe2 Qf5 36.Be5 Qg6 37.Nd6 Rxd6
38.f5 Qh6 39.Qxe4 Rd7 40.Qg4+ Kf7 41.f6 Rfd8 42.Rf3 Qc1+ 43.Rf1 Qxf1+  0-1

[Event "Geneve op"]
[Site "Geneve"]
[Date "1991.??.??"]
[Round "4"]
[White "Vianin, Pascal"]
[Black "Keserovic, Milan"]
[Result "0-1"]
[WhiteElo "2215"]
[BlackElo "2205"]

1.d4 f5 2.g3 Nf6 3.Bg2 g6 4.Nf3 Bg7 5.O-O O-O 6.c4 d6 7.Nc3 Nc6 8.d5 Na5
9.Nd2 c5 10.a3 b6 11.Qc2 Bd7 12.b3 a6 13.Bb2 b5 14.Nd1 Rb8 15.Bc3 e5 16.dxe6 Bxe6
17.Ne3 Re8 18.Rfd1 Bh6 19.cxb5 axb5 20.b4 Bxe3 21.fxe3 Nb7 22.Qd3 Ng4 23.Nf1 Qe7
24.Qxb5 Bb3 25.Qd3 Bxd1 26.Rxd1 Nxe3 27.Nxe3 Qxe3+ 28.Kf1 Qxd3 29.Rxd3 cxb4
30.axb4 Rec8 31.Bd5+ Kf8 32.Bd2 Nd8 33.Bh6+ Ke7 34.Bg5+ Kd7 35.Bd2 Nc6 36.Rb3 Ne5
37.Rb1 Rb5 38.Bb3 Nc4 39.Bf4 Rxb4 40.Bc2 Rxb1+ 41.Bxb1 Rb8 42.Bd3 Ne5 43.Bc2 Ke6
44.Kf2 Rb2 45.Ba4 Ng4+ 46.Kf3 Nxh2+ 47.Ke3 Ng4+ 48.Kd3 Nf2+ 49.Ke3 Ng4+  0-1

[Event "Graz"]
[Site "Graz"]
[Date "1991.??.??"]
[Round "5"]
[White "Vukic, Milan"]
[Black "Danner, Georg"]
[Result "1/2-1/2"]
[WhiteElo "2500"]
[BlackElo "2360"]

1.Nf3 g6 2.c4 Bg7 3.d4 f5 4.g3 Nf6 5.Bg2 O-O 6.O-O d6 7.Nc3 Qe8 8.d5 c6 9.Rb1 Na6
10.b3 Nc5 11.Bb2 Bd7 12.e3 Rc8 13.Nd4 Qf7 14.Nde2 cxd5 15.Nxd5 Nxd5 16.Bxd5 Be6
17.Bg2 Bxb2 18.Rxb2 Qf6 19.Qd4 Kg7 20.Rd2 Rc7 21.Rc1 a6 22.Rdc2 Bf7 23.Qc3 Qxc3
24.Rxc3 Nd7 25.Kf1 Nf6 26.c5 dxc5 27.Rxc5 Rxc5 28.Rxc5 Rd8 29.Ke1 Rd7 30.Nc3 b5
31.h3 Rd6 32.f4 b4 33.Nd1 Bd5 34.Bxd5 Rxd5 35.Rxd5 Nxd5 36.Kd2 Kf6 37.Kd3 e5
38.Nf2 e4+ 39.Kd2  1/2-1/2

[Event "Helsinki op"]
[Site "Helsinki"]
[Date "1991.??.??"]
[Round "?"]
[White "Valkesalmi, Kimmo"]
[Black "Norri, Joose"]
[Result "1-0"]
[WhiteElo "2390"]
[BlackElo "2325"]

1.Nf3 f5 2.g3 Nf6 3.Bg2 g6 4.O-O Bg7 5.d4 O-O 6.c4 d6 7.Nc3 Qe8 8.d5 Na6
9.Rb1 Bd7 10.b4 Rb8 11.a3 e5 12.dxe6 Bxe6 13.c5 dxc5 14.b5 Rd8 15.Nd2 Nb8
16.Bxb7 f4 17.Qa4 Ng4 18.Nde4 g5 19.h3 Nxf2 20.Rxf2 Bd4 21.g4 Bxg4 22.hxg4 Qd7
23.Qb3+ c4 24.Qxc4+ Kh8 25.Nd1 Qxg4+ 26.Kf1 f3 27.exf3 Rxf3 28.Rxf3 Qxf3+
29.Ndf2 Bxf2 30.Qc3+ Qxc3 31.Nxc3 Bd4 32.Ne4 h6 33.Bb2 Bxb2 34.Rxb2 Rd3 35.Rc2 Rxa3
36.Rxc7 Rf3+ 37.Kg2 Rf8 38.Kg3 h5 39.Nxg5  1-0

[Event "Hessen-ch"]
[Site "Hessen"]
[Date "1991.??.??"]
[Round "11"]
[White "Schoebel, Wolfgang"]
[Black "Buchal, Stephan"]
[Result "1/2-1/2"]
[WhiteElo "2275"]
[BlackElo "2285"]

1.d4 f5 2.g3 Nf6 3.Bg2 g6 4.Nf3 Bg7 5.O-O O-O 6.c4 d6 7.Nc3 Qe8 8.b3 Na6
9.Ba3 c6 10.Qd3 Rb8 11.Rfe1 b5 12.cxb5 cxb5 13.Bb2 b4 14.Nd1 Kh8 15.Rc1 Qd8
16.Ne3 Nc7 17.d5 Ba6 18.Qd2 e5 19.dxe6 Nxe6 20.Nd5 Nc5 21.Nxf6 Bxf6 22.Nd4 Bb7  1/2-1/2

[Event "Katowice op"]
[Site "Katowice"]
[Date "1991.??.??"]
[Round "4"]
[White "Mitenkov, Alexey"]
[Black "Petrienko, Vladimir"]
[Result "1/2-1/2"]
[WhiteElo "2380"]
[BlackElo "2435"]

1.d4 f5 2.Nf3 Nf6 3.g3 g6 4.Bg2 Bg7 5.O-O O-O 6.c4 d6 7.Nc3 Qe8 8.b3 Na6
9.Ba3 c6 10.Qd3 Rb8 11.e4 fxe4 12.Nxe4 Bf5 13.Nxf6+ Bxf6 14.Qe3 b5 15.Rac1 Nc7
16.Rfe1 Qd7 17.Ng5 Rb6 18.cxb5 Nxb5 19.Bb2 Ra6 20.Re2 Nc7 21.Ne4 Bg7 22.Nc3 Re8
23.Ba1 Rb6 24.Qd2 Bg4 25.Ree1 Rf8 26.f4 Rf7 27.Re3 Rb8 28.Rce1 Rbf8 29.Bb2 h6  1/2-1/2

[Event "Katowice op"]
[Site "Katowice"]
[Date "1991.??.??"]
[Round "6"]
[White "Siekanski, Janusz"]
[Black "Petrienko, Vladimir"]
[Result "0-1"]
[WhiteElo "2265"]
[BlackElo "2435"]

1.Nf3 f5 2.d4 Nf6 3.g3 g6 4.Bg2 Bg7 5.O-O O-O 6.c4 d6 7.Nc3 Qe8 8.Re1 Qf7
9.Qd3 h6 10.e4 fxe4 11.Nxe4 Nxe4 12.Qxe4 Nc6 13.g4 Nxd4 14.Nxd4 Qxf2+ 15.Kh1 Qxd4
16.Qxd4 Bxd4 17.Rxe7 g5 18.h4 Bf6 19.Rxc7 Bxg4 20.hxg5 hxg5 21.Bd2 Rae8 22.Rg1 Rf7
23.Rxb7 Bc8 24.Rxf7 Kxf7 25.Bd5+ Kg6 26.b3 Rh8+ 27.Kg2 Bh3+ 28.Kf3 Re8 29.Kg3 g4
30.Bf4 Kf5 31.Bg2 Bxg2 32.Rxg2 Rh8 33.Rd2 Rh3+ 34.Kg2 Kxf4 35.Rxd6 Be5 36.Rd7 Ke4
37.c5 Rh2+ 38.Kg1 Rc2  0-1

[Event "Kecskemet Szechenyi"]
[Site "Kecskemet"]
[Date "1991.??.??"]
[Round "2"]
[White "Lukacs, Peter"]
[Black "Schroll, Gerhard"]
[Result "1-0"]
[WhiteElo "2500"]
[BlackElo "2370"]

1.d4 f5 2.g3 Nf6 3.Bg2 g6 4.Nf3 Bg7 5.O-O O-O 6.c4 d6 7.Nc3 Qe8 8.Re1 Qf7
9.b3 Ne4 10.Bb2 Na6 11.Qc2 Nxc3 12.Bxc3 c6 13.e4 h6 14.Nh4 e6 15.exf5 exf5
16.d5 c5 17.Re6 Nb4 18.Bxb4 Bxe6 19.dxe6 Qf6 20.Re1 cxb4 21.e7 Rfe8 22.Bxb7 Rab8
23.Bd5+ Kh7 24.Re6 Qa1+ 25.Kg2 Bf6 26.Nxf5 Qc3 27.Qe4 gxf5 28.Qxf5+ Kg7 29.Be4 Kf7
30.Bf3 Kg7 31.Bh5 Rxe7 32.Qg6+ Kh8 33.Rxe7 Bxe7 34.Qxh6+ Kg8 35.Qe6+ Kh8
36.Qxe7 Qe5 37.Qxa7 Rf8 38.Bf3 Kg8 39.Qb7 Kh8 40.Qxb4 Rxf3 41.Kxf3 Qf5+ 42.Ke3 Qe5+
43.Kd3 Qf5+ 44.Kc3 Qf6+ 45.Kc2 Qf5+ 46.Kc1  1-0

[Event "Kecskemet GM"]
[Site "Kecskemet"]
[Date "1991.??.??"]
[Round "10"]
[White "Hracek, Zbynek"]
[Black "Malaniuk, Vladimir P"]
[Result "1/2-1/2"]
[WhiteElo "2485"]
[BlackElo "2500"]

1.d4 f5 2.g3 Nf6 3.Bg2 g6 4.Nf3 Bg7 5.O-O O-O 6.c4 d6 7.Nc3 Qe8 8.d5 Na6
9.Rb1 c5 10.dxc6 bxc6 11.b4 Bd7 12.b5 Nc5 13.Nd4 Nfe4 14.Nxe4 Nxe4 15.bxc6 Bxc6
16.Ne6 Qc8 17.Nxg7 Kxg7 18.Bxe4 Bxe4 19.Bb2+ Kf7 20.Rc1 Qe6 21.Qd4 Rab8 22.Ba1 Rfe8
23.Rfd1 Rg8 24.f3 Ba8 25.Kf2 g5 26.c5 d5 27.Rb1 Rxb1 28.Rxb1 Bc6 29.Rb3 Qh6
30.Kg1 Qg6 31.Re3 f4 32.Re5 Rd8 33.g4 Ke8 34.Kg2 Kd7 35.h4 h6 36.Rf5 Qe6
37.Qe5 Qxe5 38.Bxe5 Rg8 39.h5 Ke8 40.Bd4 Rf8 41.Rxf8+ Kxf8 42.Kf2 Kf7 43.e3 fxe3+
44.Kxe3 Ba4 45.a3 Bd7 46.Kf2 Bc6 47.Kg3 a5 48.f4 a4 49.fxg5 hxg5 50.Be3 Kf6
51.h6 Kg6 52.Bxg5 e5 53.h7 Kxh7 54.Bf6 d4 55.Bxe5 d3 56.Bc3 Kg6 57.Kf4 Kf7
58.Ke5 Ke7 59.g5 Be8 60.Kd4 Bg6 61.Kc4 Kd8 62.Kb5 Be8+ 63.Kb6 Kc8 64.Bd2 Bh5
65.Bf4 Be8 66.c6 Bg6 67.Kb5 Be8  1/2-1/2

[Event "JUG-ch"]
[Site "Kladovo"]
[Date "1991.??.??"]
[Round "6"]
[White "Panzalovic, Srdjan"]
[Black "Cetkovic, M."]
[Result "1-0"]
[WhiteElo "2410"]
[BlackElo "2250"]

1.Nf3 g6 2.d4 f5 3.c4 Nf6 4.g3 Bg7 5.Bg2 O-O 6.O-O d6 7.Nc3 Qe8 8.d5 Na6
9.Rb1 c5 10.b3 h6 11.Bb2 g5 12.e3 Qg6 13.Qe2 Rf7 14.Rbe1 Ne4 15.Rc1 Bd7 16.Nd2 Nxc3
17.Bxc3 f4 18.Be4 Bf5 19.Bxf5 Qxf5 20.exf4 gxf4 21.g4 Qg5 22.Bxg7 Qxg7 23.f3 Qb2
24.Qd3 Nb4 25.Qg6+ Rg7 26.Qe6+ Kh7 27.Qe4+ Kh8 28.Qxf4 Nd3 29.Rb1 Qxa2 30.Qxh6+ Rh7
31.Qe3 Qc2 32.f4 Rg8 33.g5 Rgg7 34.Rf3 Nb4 35.Re1 Qg6 36.Qc3 Kg8 37.Ne4 Qh5
38.Re2 Qg4+ 39.Rg2 Qf5 40.Re2 Rh4 41.Ng3 Qg6 42.Qe3 Kh8 43.Qe4 Qf7 44.Nf5 Rg4+
45.Rg2 R7xg5 46.fxg5 Rxe4 47.Rh3+ Kg8 48.Nh6+ Kg7 49.Nxf7 Kxf7 50.g6+ Kg7
51.Rh7+ Kg8 52.g7 Re1+ 53.Kf2 Nd3+ 54.Kf3 Ne5+ 55.Kg3 Rf1 56.Rh8+ Kxg7 57.Rb8 b6
58.h4 Rf3+ 59.Kh2+ Kf7 60.Rg3 Rf4 61.h5 Rf5 62.Rh8 a6 63.Kg1 Rf3 64.Rgg8 Rh3
65.Rg2 Nf3+ 66.Kf2 Nh4 67.Rg5 Kf6 68.Rg3 Rxg3 69.Kxg3 Nf5+ 70.Kf4 Nd4 71.Rg8 Kf7
72.Rg2 e5+ 73.Ke4  1-0

[Event "JUG-ch"]
[Site "Kladovo"]
[Date "1991.??.??"]
[Round "12"]
[White "Pavlovic, Dragoljub"]
[Black "Nikac, Predrag"]
[Result "1/2-1/2"]
[WhiteElo "2355"]
[BlackElo "2265"]

1.d4 f5 2.g3 Nf6 3.Bg2 g6 4.Nf3 Bg7 5.O-O O-O 6.c4 d6 7.Nc3 Nc6 8.d5 Ne5
9.Nxe5 dxe5 10.b3 a6 11.Bb2 Qe8 12.Qd2 h6 13.f4 e4 14.e3 e6 15.Rfd1 Bd7 16.Bf1 g5
17.Be2 Rd8 18.Ba3 Rf7 19.dxe6 Qxe6 20.c5 gxf4 21.Bc4 fxe3 22.Bxe6 exd2 23.Bxf7+ Kxf7
24.Rxd2 Re8 25.Rad1 Bc6 26.Ne2 Ng4 27.Bb2 Bf8 28.Bd4 e3 29.Rb2 Nf2 30.Ra1 Re4
31.a4 h5 32.Rc2 f4 33.gxf4 Bh6 34.Be5 Ng4 35.Bxc7 Bg7 36.Rb1 Re8 37.Rd1 Bf6
38.h3 Nf2 39.Rd6 Bh4 40.Kf1 Rg8 41.Rxc6 bxc6 42.Nd4 Nxh3 43.Rh2 Rg1+ 44.Ke2 Re1+
45.Kf3 Ng1+ 46.Ke4 Bf2 47.Nxc6 Rd1 48.Ne5+ Ke8 49.Nd3 Bg3 50.Rxh5 e2 51.Ba5 e1=Q+
52.Bxe1 Bxe1 53.c6 Kd8 54.Rd5+ Kc8 55.Nc5 Rc1 56.Rg5 Ne2 57.Rg8+ Kc7 58.Nxa6+ Kxc6
59.Rg6+ Kb7 60.f5 Rc8 61.f6 Kxa6 62.f7+ Kb7 63.Rg8 Bb4 64.Ke5 Nc3 65.Kf6 Ne4+
66.Kg7 Bc3+ 67.Kg6 Rc6+ 68.Kh5 Nf6+ 69.Kh4 Nd7 70.f8=Q Nxf8 71.Rxf8 Rb6 72.Rf5 Rg6
73.Kh5 Rg3 74.Rg5 Rd3 75.Kg4 Kc6 76.Rb5 Rd4+ 77.Kf3  1/2-1/2

[Event "Kobanya op"]
[Site "Kobanya"]
[Date "1991.??.??"]
[Round "4"]
[White "Fokin, Sergey"]
[Black "Dovzik, Juri"]
[Result "1-0"]
[WhiteElo "2320"]
[BlackElo "2435"]

1.Nf3 f5 2.d4 Nf6 3.g3 g6 4.Bg2 Bg7 5.O-O O-O 6.c4 d6 7.Nc3 c6 8.b3 d5 9.cxd5 cxd5
10.Bb2 Nc6 11.Rc1 Ne4 12.e3 h6 13.Ne1 Be6 14.Nd3 Rf6 15.Ne2 Bf7 16.f3 Nd6
17.Ne5 Be8 18.Nf4 Nc8 19.e4 dxe4 20.fxe4 Rd6 21.Nxc6 bxc6 22.exf5 gxf5 23.Qe2 e5
24.dxe5 Rd2 25.Qc4+ Kh7 26.Bc3 Rxa2 27.Ne6 Nb6 28.Qc5 Qd7 29.Nxg7 Qxg7 30.e6 Qg5
31.Qe5 Bh5 32.h4 Qe7 33.Rxf5 Re2 34.Qf4 Qxe6 35.Rxh5 Rxg2+ 36.Kxg2 Qe2+ 37.Kh3 Qxh5
38.Qc7+ Kg6 39.Qg7+ Kf5 40.g4+  1-0

[Event "Krasnodar"]
[Site "Krasnodar"]
[Date "1991.??.??"]
[Round "?"]
[White "Obukhov, Alexander"]
[Black "Beshukov, Sergei"]
[Result "0-1"]
[WhiteElo "2265"]
[BlackElo "2305"]

1.d4 f5 2.g3 g6 3.Bg2 Bg7 4.Nf3 Nf6 5.O-O O-O 6.c4 d6 7.Nc3 Qe8 8.b3 e5 9.dxe5 dxe5
10.e4 Nc6 11.Nd5 Qd7 12.Ba3 Rd8 13.exf5 e4 14.Ng5 gxf5 15.Nxf6+ Bxf6 16.Qh5 Bxa1
17.Rxa1 Qg7 18.Bb2 Qg6 19.Qh4 Be6 20.Bh3 Nd4 21.Bxd4 Rxd4 22.Nxe6 Qxe6 23.Qg5+ Qg6
24.Qxf5 Qxf5 25.Bxf5 Rad8 26.Re1 Rd1 27.Kf1 R8d2 28.Rxd1 Rxd1+ 29.Ke2 Ra1
30.Bxe4 Rxa2+ 31.Ke3 Rb2 32.Bd5+ Kg7 33.c5 Kf6 34.Bc4 b5 35.cxb6 cxb6 36.h4 b5
37.Bd5 a5 38.f4 a4 39.bxa4  0-1

[Event "Leningrad op"]
[Site "Leningrad"]
[Date "1991.??.??"]
[Round "?"]
[White "Burmakin, Vladimir"]
[Black "Vasiukov, Evgeni"]
[Result "1/2-1/2"]
[WhiteElo "2315"]
[BlackElo "2500"]

1.d4 f5 2.c4 Nf6 3.Nf3 g6 4.g3 Bg7 5.Bg2 O-O 6.O-O d6 7.Nc3 c6 8.Re1 Ne4
9.Qd3 d5 10.Ne5 e6 11.f3 Nd6 12.b3 Nd7 13.Nxd7 Qxd7 14.Be3 b6 15.cxd5 exd5
16.Rad1 Bb7 17.Bf4 Rae8 18.e4 fxe4 19.fxe4 dxe4 20.Nxe4 Nxe4 21.Bxe4 Kh8
22.Be5 Bxe5 23.dxe5 Qg7 24.Bg2 Rxe5 25.Rxe5 Qxe5 26.Qd6 Qe3+ 27.Kh1 Rf7 28.Bxc6  1/2-1/2

[Event "Leningrad op"]
[Site "Leningrad"]
[Date "1991.??.??"]
[Round "?"]
[White "Cherepkov, Alexander V"]
[Black "Nikolaev, Sergej"]
[Result "1-0"]
[WhiteElo "2425"]
[BlackElo "2450"]

1.d4 f5 2.Nf3 Nf6 3.g3 g6 4.Bg2 Bg7 5.O-O O-O 6.c4 d6 7.Nc3 c6 8.b3 a5 9.Bb2 Na6
10.Qd2 Qc7 11.d5 Nc5 12.Nd4 e5 13.dxe6 Bxe6 14.Nxe6 Nxe6 15.Rad1 Rad8 16.Na4 Nc5
17.Nxc5 dxc5 18.Qc2 Ng4 19.h3 Nh6 20.e3 Rde8 21.Rd2 Nf7 22.Ba3 Qe7 23.Rfd1 Rd8
24.Rxd8 Rxd8 25.Rxd8+ Nxd8 26.Qd2 Ne6 27.Qxa5 g5 28.Qa8+ Kf7 29.Qc8 f4 30.Bf3 Be5
31.Bh5+ Kf6 32.Qh8+ Kf5 33.e4+  1-0

[Event "Lippstadt"]
[Site "Lippstadt"]
[Date "1991.??.??"]
[Round "6"]
[White "Chabanon, Jean Luc"]
[Black "Hoffmann, Michael"]
[Result "1-0"]
[WhiteElo "2480"]
[BlackElo "2370"]

1.d4 f5 2.Nf3 Nf6 3.g3 g6 4.Bg2 Bg7 5.O-O O-O 6.c4 d6 7.Nc3 Qe8 8.Re1 Qf7
9.b3 Ne4 10.Bb2 c5 11.Qd3 Nc6 12.Nxe4 fxe4 13.Qxe4 cxd4 14.Kh1 Bf5 15.Qd5 Qxd5
16.cxd5 Nb4 17.Rad1 Nc2 18.Rg1 d3 19.Bxg7 Kxg7 20.Rd2 Rac8 21.h3 Rc3 22.Rgd1 h6
23.Nh4 Bd7 24.exd3 g5 25.Nf3 Bf5 26.Re2 Rf7 27.Rc1 Bxd3 28.Rd2 Be4 29.Nxg5 Bxg2+
30.Kxg2 Ne3+ 31.fxe3 Rxc1 32.Nxf7 Kxf7 33.Kf3 Rh1 34.Kg4 Kg6 35.Rd4 h5+ 36.Kh4 Rh2
37.Ra4 a6 38.Rb4 b5 39.a4 bxa4 40.Rxa4 Re2 41.Re4 Rd2 42.Rxe7 Rxd5 43.Re4  1-0

[Event "ESP-ch"]
[Site "Lleida"]
[Date "1991.??.??"]
[Round "1"]
[White "Illescas Cordoba, Miguel"]
[Black "Mellado Trivino, Juan"]
[Result "1-0"]
[WhiteElo "2545"]
[BlackElo "2280"]

1.Nf3 f5 2.g3 Nf6 3.Bg2 g6 4.O-O Bg7 5.c4 O-O 6.d4 d6 7.Nc3 Qe8 8.d5 a5 9.Rb1 Na6
10.a3 Nc5 11.Nb5 Qd8 12.b4 axb4 13.axb4 Nce4 14.Nfd4 e5 15.dxe6 c6 16.f3 cxb5
17.fxe4 Nxe4 18.Bxe4 fxe4 19.Rxf8+ Qxf8 20.Nxb5 Ra2 21.Qd5 Qe7 22.Nc7 Kh8
23.Qxe4 Be5 24.Bh6 Kg8 25.Rf1 Ra1 26.Rxa1 Bxa1 27.Qf3 Qf6 28.Qxf6 Bxf6 29.Nd5 Bg7
30.e7 Bd7 31.Bxg7 Kxg7 32.Nb6  1-0

[Event "ESP-ch"]
[Site "Lleida"]
[Date "1991.??.??"]
[Round "1"]
[White "Blazquez Gomez, Juan Carlos"]
[Black "Ochoa de Echaguen, F Javier"]
[Result "1-0"]
[WhiteElo "2200"]
[BlackElo "2390"]

1.d4 f5 2.Nf3 Nf6 3.g3 g6 4.Bg2 Bg7 5.O-O O-O 6.c4 d6 7.Nc3 Qe8 8.Nd5 Nxd5
9.cxd5 Qb5 10.Ng5 Qb6 11.Be3 Na6 12.Qd2 c6 13.Rac1 Bd7 14.Rfd1 Rac8 15.a3 Qb5
16.dxc6 bxc6 17.b4 d5 18.Nf3 e6 19.Bh6 Qb8 20.Bxg7 Kxg7 21.Ne5 Qd6 22.Bf1 Nc7
23.e3 Ne8 24.Qc2 Nf6 25.Qc5 Qxc5 26.Rxc5 Rfd8 27.f3 Be8 28.Rdc1 Nd7 29.Nxc6 Nxc5
30.Nxd8 Rxd8 31.Rxc5 Kf6 32.f4 h6 33.Rc7 Rd7 34.Rc5 Rb7 35.Ba6 Rb6 36.Bd3 Rb7
37.Kf2 Ke7 38.Ba6 Rb6 39.Rc7+ Kd6 40.Rxa7 Rc6 41.Bd3 Rc1 42.Ra6+ Ke7 43.b5 Rh1
44.Ra7+ Kd6 45.Bf1 Rxh2+ 46.Bg2 Bxb5 47.Kg1 Rh5 48.Bf3 Rh3 49.Kg2 Bf1+ 50.Kxf1 Rxg3
51.Kf2 Rh3 52.Kg2 Rh4 53.Kg3 g5 54.Rb7 Kc6 55.Rb1 Kc7 56.a4 e5 57.dxe5 d4
58.Rh1 Rxh1 59.Bxh1 dxe3 60.Bf3 g4 61.Be2  1-0

[Event "Lyngby op"]
[Site "Lyngby"]
[Date "1991.??.??"]
[Round "3"]
[White "Fries Nielsen, Jens Ove"]
[Black "Malaniuk, Vladimir P"]
[Result "1/2-1/2"]
[WhiteElo "2380"]
[BlackElo "2510"]

1.d4 f5 2.Nf3 Nf6 3.g3 g6 4.Bg2 Bg7 5.O-O O-O 6.c4 d6 7.Nc3 Qe8 8.d5 Na6
9.Rb1 c5 10.dxc6 bxc6 11.b4 Bd7 12.a3 Nc7 13.Bb2 Kh8 14.e3 Rd8 15.a4 a6 16.Ba1 h6
17.Qe2  1/2-1/2

[Event "WchT U26"]
[Site "Maringa"]
[Date "1991.??.??"]
[Round "7"]
[White "Lopez, Manuel"]
[Black "Adla, Diego"]
[Result "0-1"]
[WhiteElo "2285"]
[BlackElo "2435"]

1.d4 f5 2.g3 Nf6 3.Bg2 g6 4.Nf3 Bg7 5.c4 O-O 6.O-O d6 7.b3 e5 8.Bb2 e4 9.Ne1 d5
10.Nc3 Be6 11.cxd5 Nxd5 12.e3 Nc6 13.Nc2 Nxc3 14.Bxc3 Ne7 15.Qd2 Nd5 16.Rac1 c6
17.Nb4 Nxc3 18.Qxc3 Rf7 19.Nc2 Bf8 20.Rfd1 Bd6 21.a3 Qe7 22.b4 Bd5 23.a4 a6
24.Rb1 b5 25.axb5 axb5 26.Ra1 Raf8 27.Rf1 h5 28.Ra6 h4 29.Rfa1 g5 30.Rxc6 Bxc6
31.Qxc6 Qc7 32.Qd5 hxg3 33.hxg3 Bxg3 34.fxg3 Qxc2 35.Ra6 Qc1+ 36.Kh2 Kg7
37.Qe6 Rh8+ 38.Bh3 Rxh3+  0-1

[Event "WchT U26"]
[Site "Maringa"]
[Date "1991.??.??"]
[Round "7"]
[White "De Souza, Mauro"]
[Black "Norri, Joose"]
[Result "0-1"]
[WhiteElo "2225"]
[BlackElo "2325"]

1.d4 f5 2.g3 Nf6 3.Bg2 g6 4.Nf3 Bg7 5.O-O O-O 6.c4 d6 7.Nc3 Qe8 8.d5 Na6
9.Rb1 Bd7 10.b3 c5 11.Bb2 Nc7 12.Qc2 h6 13.Nd2 b5 14.cxb5 Nxb5 15.Nxb5 Bxb5
16.Nc4 Qf7 17.Qd2 g5 18.Qa5 Bd7 19.b4 cxb4 20.Ba1 Rab8 21.Qxa7 Ra8 22.Qd4 Rxa2
23.Nb6 Bb5 24.Qxb4 Bxe2 25.Rfe1 Bd3 26.Rbd1 Be4 27.Qb3 Ra6 28.Qb5 Rxa1 29.Rxa1 Ng4
30.Rad1 Bxg2 31.Kxg2 f4 32.Qf1 Qh5 33.h3 fxg3 34.f3 Nf2  0-1

[Event "POL-chT"]
[Site "Mikolajki"]
[Date "1991.??.??"]
[Round "6"]
[White "Pieniazek, Andrzej"]
[Black "Petkevich, Jusefs"]
[Result "1/2-1/2"]
[WhiteElo "2240"]
[BlackElo "2445"]

1.d4 g6 2.Nf3 Bg7 3.c4 f5 4.g3 Nf6 5.Bg2 O-O 6.O-O Ne4 7.b3 d6 8.Bb2 Nc6
9.Nbd2 e5 10.dxe5 Nc5 11.Rb1 dxe5 12.Ba3 Qe7 13.Ne1 Nb8 14.Nd3 Nba6 15.Nxc5 Nxc5
16.Ne4 fxe4 17.Qd5+ Be6 18.Qxc5 Qf7 19.Bxe4 c6 20.Qe7 Rfe8 21.Qxf7+ Kxf7
22.Rfd1 a5 23.h4 Bf6 24.Kf1 Red8 25.Rxd8 Rxd8 26.Ke1 Be7 27.Bxe7 Kxe7 28.Rd1 Rf8
29.a4 Bf5 30.Bxf5 gxf5 31.f3 h5 32.Kf2 b6 33.Ke3 Rg8 34.Rg1 Kd6 35.g4 fxg4
36.fxg4 hxg4 37.h5 Rg5 38.h6 Rh5 39.Rxg4 Rxh6 40.Ke4 Rh2 41.Rg6+ Kc5 42.Kd3 e4+
43.Kxe4 Rxe2+ 44.Kd3 Rh2 45.Kc3 Rh3+ 46.Kc2 Rf3 47.Rh6  1/2-1/2

[Event "Montpellier"]
[Site "Montpellier"]
[Date "1991.??.??"]
[Round "4"]
[White "Lukacs, Peter"]
[Black "Santo Roman, Marc"]
[Result "1-0"]
[WhiteElo "2460"]
[BlackElo "2500"]

1.d4 f5 2.g3 Nf6 3.Bg2 g6 4.Nf3 Bg7 5.O-O O-O 6.c4 d6 7.Nc3 Qe8 8.Re1 Qf7
9.b3 Ne4 10.Bb2 Nc6 11.Qd3 Nxc3 12.Bxc3 e5 13.dxe5 dxe5 14.Ng5 Qe7 15.Bd5+ Kh8
16.Bxc6 Qxg5 17.Bg2 e4 18.Bxg7+ Kxg7 19.Qd4+ Qf6 20.Qc5 Qb6 21.Qe5+ Kg8 22.c5 Qc6
23.f3 Re8 24.Qd4 Bd7 25.Rad1 Re7 26.fxe4 fxe4 27.Rf1 Bf5 28.h3 Rae8 29.g4 Bc8
30.Qe3 Re5 31.b4 Bd7 32.a3 Qe6 33.Rf4 Bc6 34.Rdf1 Qe7 35.Rf6 Bd5 36.a4 a6
37.Qf4 Bc4 38.Rf2 e3 39.Qxc4+ Kh8 40.Rf1  1-0

[Event "Montpellier"]
[Site "Montpellier"]
[Date "1991.??.??"]
[Round "7"]
[White "Anic, Darko"]
[Black "Santo Roman, Marc"]
[Result "1-0"]
[WhiteElo "2430"]
[BlackElo "2500"]

1.Nf3 f5 2.g3 Nf6 3.Bg2 g6 4.O-O Bg7 5.d4 O-O 6.c4 d6 7.Nc3 Nc6 8.d5 Ne5
9.Qb3 Nxf3+ 10.exf3 e5 11.dxe6 Bxe6 12.Qxb7 Bxc4 13.Rd1 Qd7 14.f4 a5 15.b3 Rab8
16.Qa7 Ne4 17.Nxe4 Bxa1 18.Ng5 Bf7 19.Nxf7 Kxf7 20.Ba3 Bf6 21.Rxd6 Qe7 22.Rxf6+ Qxf6
23.Qxc7+ Kg8 24.Bd5+ Kh8 25.Qc1 Rbc8 26.Qd2 Qb6 27.Bb2+ Rf6 28.Qxa5 Qd6 29.Be5 Qe7
30.Qb4 Qd8 31.Qb7 Rc1+ 32.Kg2 Re1 33.Qb8  1-0

[Event "Russian Winter op"]
[Site "Moscow"]
[Date "1991.??.??"]
[Round "?"]
[White "Alieva, Elvira"]
[Black "Tolstikh, Nikolay"]
[Result "0-1"]
[WhiteElo "2170"]
[BlackElo "2310"]

1.d4 f5 2.c4 Nf6 3.Nf3 g6 4.g3 Bg7 5.Bg2 O-O 6.O-O d6 7.b4 Qe8 8.Bb2 c6 9.Nbd2 Na6
10.Qb3 Nc7 11.a4 a6 12.Rac1 h6 13.d5 e5 14.dxc6 bxc6 15.Qa3 Ne6 16.Nb3 e4
17.Nfd4 Nxd4 18.Bxd4 g5 19.Rcd1 Qh5 20.Bxf6 Rxf6 21.Nd4 Bd7 22.a5 Rc8 23.c5 d5
24.Qa2 Kh8 25.f4 exf3 26.Bxf3 Qe8 27.Qd2 Qe5 28.Qd3 Rff8 29.Bg2 Rce8 30.Rfe1 Qe3+
31.Qxe3 Rxe3 32.Kf2 Rfe8 33.Bh3 g4 34.Bg2 h5 35.Bf1 Bf6 36.Rd2 h4 37.Nc2 Bg5
38.Rd3 R3e4 39.e3 Bf6 40.Nd4 Rb8 41.Rb3 f4 42.gxf4 g3+ 43.hxg3 hxg3+ 44.Kf3 Bxd4
45.Bd3 Bxc5 46.Bxe4 dxe4+ 47.Kxe4 Bxb4 48.Rh1+ Kg7 49.Kf3 c5 50.Rhb1 Re8
51.Kxg3 Ba4 52.Rd3 Bb5 53.Rd6 Rxe3+ 54.Kg4 Bxa5 55.f5 Bc7 56.Rg6+ Kf7 57.Kh4 Be5
58.Rbg1 Re4+ 59.Kh5 Bf6 60.Rh1 Be2+ 61.Kh6 Re8  0-1

[Event "Russian Winter op"]
[Site "Moscow"]
[Date "1991.??.??"]
[Round "?"]
[White "Manakova, Maria"]
[Black "Yagupov, Igor"]
[Result "0-1"]
[WhiteElo "2035"]
[BlackElo "2405"]

1.d4 f5 2.Nf3 Nf6 3.g3 g6 4.Bg2 Bg7 5.O-O O-O 6.c4 d6 7.Nc3 Nc6 8.b3 Ne4
9.Bb2 Nxc3 10.Bxc3 e5 11.dxe5 dxe5 12.Qd5+ Kh8 13.Qxd8 Rxd8 14.Rad1 Rxd1
15.Rxd1 e4 16.Bxg7+ Kxg7 17.Nd4 Nxd4 18.Rxd4 Be6 19.f3 Kf6 20.fxe4 Ke5 21.Rd2 f4
22.Kf2 a5 23.a3 fxg3+ 24.hxg3 Ra6 25.Rd8 Rb6 26.Rd3 a4 27.b4 Bxc4 28.Rd7 Rf6+
29.Ke3 Rf7 30.Rd8 Re7 31.Bh3 h5 32.Bd7 Bb3 33.Be8 Kf6 34.Ra8 c6 35.b5 Bd5
36.bxc6 bxc6 37.Kd3 Bxe4+ 38.Kd4 c5+ 39.Kxc5 Bxa8  0-1

[Event "Muenster op"]
[Site "Muenster"]
[Date "1991.??.??"]
[Round "8"]
[White "Haselhorst, Helmut"]
[Black "Galdunts, Sergey"]
[Result "0-1"]
[WhiteElo "2295"]
[BlackElo "2470"]

1.d4 f5 2.Nf3 Nf6 3.g3 g6 4.Bg2 Bg7 5.O-O O-O 6.c4 d6 7.Nc3 Qe8 8.d5 Na6
9.Nd4 Bd7 10.Rb1 c6 11.b3 Nc7 12.Ba3 Rb8 13.Qd2 c5 14.Nc2 a5 15.Bb2 b5 16.cxb5 Nxb5
17.Nxb5 Bxb5 18.Na3 a4 19.bxa4 Bxa4 20.Bc3 Qd7 21.Nc4 Bb5 22.Na5 Ne4 23.Bxe4 Bxc3
24.Qxc3 fxe4 25.Qe3 Ra8 26.Nb3 Rxa2 27.Nd2 Ba6 28.Ra1 Qa4 29.Rxa2 Qxa2 30.Nxe4 Qxe2
31.Qxe2 Bxe2 32.Re1 Bf3 33.Ng5 Bxd5 34.Rxe7 c4 35.Rd7 c3 36.Rc7 h6 37.Nh3 Rf3
38.Nf4 Be4 39.Kf1 c2 40.Ke2 Ra3 41.Kd2 Ra1 42.Ne2 Rd1+ 43.Ke3 Bd3 44.Nc1 Bf5
45.g4 Rxc1 46.gxf5 Re1+ 47.Kd2 c1=Q+ 48.Rxc1 Rxc1 49.Kxc1 gxf5  0-1

[Event "Nimes op"]
[Site "Nimes"]
[Date "1991.??.??"]
[Round "5"]
[White "Sokolov, Andrei"]
[Black "Avshalumov, Alex"]
[Result "0-1"]
[WhiteElo "2360"]
[BlackElo "2475"]

1.c4 f5 2.d4 Nf6 3.Nf3 g6 4.g3 Bg7 5.Bg2 O-O 6.O-O d6 7.b3 Ne4 8.Bb2 Nc6
9.Nbd2 Nxd2 10.Qxd2 e5 11.Rad1 Qe7 12.b4 e4 13.Ne1 Qf7 14.Rc1 d5 15.b5 Ne7
16.f3 e3 17.Qxe3 dxc4 18.Qd2 a6 19.bxa6 Rxa6 20.a3 Rd8 21.e3 c5 22.Nc2 f4
23.gxf4 Nc6 24.Rfd1 cxd4 25.Nxd4 Nxd4 26.Bxd4 Bxd4 27.exd4 Rxa3 28.Qb4 Rd3
29.Rxd3 cxd3 30.Rd1 Bf5 31.Bf1 Qd5 32.Bxd3 Qxf3 33.Qb3+ Kh8 34.Bc2 Qg4+ 35.Kh1 Bxc2
36.Qxc2 Qf3+ 37.Kg1 Qg4+ 38.Kh1 Qxf4 39.d5 Qf3+ 40.Kg1 Qe3+ 41.Qf2 Qg5+ 42.Qg2 Qe5
43.d6 Rd7 44.Qg4 Qc5+ 45.Kh1 Qf5 46.Qd4+ Kg8 47.Kg2 h5 48.h3 Qe6 49.Rd2 Kh7
50.Qf4 Kg7 51.Qd4+ Qf6 52.Qd5 Kh6 53.Kh2 Qf4+ 54.Kh1 Qf5 55.Qxf5 gxf5 56.Kg2 Kg5
57.Kf3 Kf6 58.Kf4 Ke6 59.Rb2 Rf7 60.Kg5 f4 61.d7 Rf5+ 62.Kg6 Rd5 63.Rxb7 Rxd7
64.Rb8 Ke5 65.Rf8 Ke4 66.Kxh5 Kf3 67.Kg6 Rd6+ 68.Kg5 Rd4 69.Kh4 Kf2 70.Kg5 Kg3
71.h4 Rd5+ 72.Kg6 Kg4 73.Rf7 Rc5 74.Rf8 Rc6+ 75.Kg7 Rc4 76.Rh8 Rc5 77.Kg6 f3
78.Rf8 Rc6+ 79.Kg7 Rc3  0-1

[Event "NOR-chT east"]
[Site "NOR"]
[Date "1991.??.??"]
[Round "1"]
[White "Ostenstad, Berge"]
[Black "Haugli, Petter"]
[Result "1/2-1/2"]
[WhiteElo "2500"]
[BlackElo "2390"]

1.Nf3 f5 2.g3 Nf6 3.Bg2 g6 4.O-O Bg7 5.d4 O-O 6.c4 d6 7.Nc3 Qe8 8.d5 Na6
9.Nd4 Bd7 10.e4 fxe4 11.Nxe4 Nxe4 12.Bxe4 c6 13.h4 Nc5 14.Bg2 e5 15.Nb3 Nxb3
16.Qxb3 b6 17.Qd3 c5 18.Be4 b5 19.b3 Rb8 20.Bd2 Bh3 21.Rfe1 Qf7 22.f3 bxc4
23.bxc4 Bf5 24.Rf1 Rb2 25.Bc3 Bxe4 26.Qxe4 Rb7 27.Kg2 Bh6 28.Rab1 Rfb8 29.Rxb7 Rxb7
30.Rb1 Rxb1 31.Qxb1 Qf5 32.Qxf5 gxf5 33.g4 Kf7 34.Ba5 Bf8 35.Kg3 Be7 36.h5 Kf6
37.f4 exf4+ 38.Kxf4 fxg4 39.Bc3+ Kf7 40.Kxg4 Bf6 41.Bd2 Be5  1/2-1/2